ბათუმის შოთა რუსთაველის სახელმწიფო უნივერსიტეტის ბიბლიოთეკა

Основы автоматизации химических производств. (ბიბ.ჩანაწერი № 37017)

000 -LEADER
fixed length control field 00620nam a2200193Ia 4500
001 - CONTROL NUMBER
control field 2970
003 - CONTROL NUMBER IDENTIFIER
control field GE_BSU
008 - FIXED-LENGTH DATA ELEMENTS--GENERAL INFORMATION
fixed length control field 181216s||||||||xx |||||||||||||| ||und||
040 ## - CATALOGING SOURCE
Transcribing agency GE_BSU
080 ## - UNIVERSAL DECIMAL CLASSIFICATION NUMBER
Universal Decimal Classification number 66.012
245 ## - TITLE STATEMENT
Title Основы автоматизации химических производств.
245 ## - TITLE STATEMENT
Statement of responsibility, etc. Под.ред. П.А.Обновленского и А.Л.Гуревича.
260 ## - PUBLICATION, DISTRIBUTION, ETC.
Place of publication, distribution, etc. Л.
260 ## - PUBLICATION, DISTRIBUTION, ETC.
Name of publisher, distributor, etc. Химия.
260 ## - PUBLICATION, DISTRIBUTION, ETC.
Date of publication, distribution, etc. 1975.
300 ## - PHYSICAL DESCRIPTION
Extent 528 стр. 21 см. с илл.
653 ## - INDEX TERM--UNCONTROLLED
Uncontrolled term Основы автоматизации химических производств.
942 ## - ADDED ENTRY ELEMENTS (KOHA)
Koha item type წიგნი
ეგზემპლარები
Withdrawn status Lost status Damaged status Not for loan Date acquired Barcode Date last seen Price effective from Koha item type
        2018-12-17 9619 2018-12-17 2018-12-17 წიგნი